[Event "Challenge"]
[Site "http://www.queenalice.com/game.php?id=33912"]
[Date "2005.10.19"]
[Round "-"]
[White "Arkanus"]
[Black "tumble_weed"]
[Result "0-1"]
[WhiteElo "1146"]
[BlackElo "1277"]

1. e4 d6 2. d3 Nc6 3. Nc3 e5 4. Be3 b6 5. Nb5 a6 6. Na3 Bb7 7. Nh3 h6 8. c4 Nf6
9. Be2 Qe7 10. O-O g6 11. b3 Na7 12. Rc1 c5 13. Nc2 Bg7 14. Ne1 Bc8 15. a4 b5
16. Nf3 Bxh3 17. gxh3 O-O 18. axb5 axb5 19. cxb5 Nxb5 20. Qc2 Ra7 21. Qc4 Rb8
22. Rb1 Na3 23. Qc3 Nxb1 24. Rxb1 Rc7 25. h4 h5 26. Ng5 d5 27. Bc1 Rd8 28. Ra1
Nh7 29. Nf3 Bf6 30. Ba3 d4 31. Qa5 Rdc8 32. Rc1 Ra7 33. Qb4 cxb4 34. Bxb4 Qxb4
35. Rxc8+ Nf8 36. Rc6 Ne6 37. Rc8+ Kg7 38. Kg2 Qxb3 39. h3 Ra2 40. Ng1 Nf4+ 41.
Kf3 Qb1 42. Rc4 Qxg1 0-1

[Event "Challenge"]
[Site "http://www.queenalice.com/game.php?id=34235"]
[Date "2005.10.20"]
[Round "-"]
[White "Wifeykaz"]
[Black "tumble_weed"]
[Result "0-1"]
[WhiteElo "1227"]
[BlackElo "1160"]

1. e4 d6 2. d4 f5 3. exf5 Bxf5 4. Bd3 Be6 5. Bb5+ Bd7 6. Nf3 Bxb5 7. Ng5 g6 8.
Ne6 Qd7 9. Nf4 Qf5 10. Qf3 Ba6 11. Nc3 Nc6 12. Qe4 Qxe4+ 13. Nxe4 Bc4 14. Ne6
Bxe6 15. O-O Nxd4 16. Re1 Nxc2 17. Bd2 Bf5 18. Ng5 h6 19. Nf3 Bg7 20. Rec1 Nxa1
21. Rxa1 Bxb2 22. Rb1 Bxb1 23. Nd4 Bxd4 24. a4 O-O-O 25. g4 g5 26. h3 Nf6 27. a5
a6 28. Be3 Bxe3 29. fxe3 h5 30. gxh5 Rxh5 31. Kg2 g4 32. hxg4 Nxg4 33. Kg3 Nxe3
34. Kf3 Nc4 35. Kg4 Rxa5 36. Kh3 Rg8 0-1

[Event "Challenge"]
[Site "http://www.queenalice.com/game.php?id=35444"]
[Date "2005.10.29"]
[Round "-"]
[White "BaronFel"]
[Black "tumble_weed"]
[Result "0-1"]
[WhiteElo "796"]
[BlackElo "1277"]

1. d4 e6 2. e4 f6 3. Nf3 h6 4. Nc3 a6 5. Bd3 b6 6. Na4 Bb7 7. e5 Qe7 8. Bg6+ Kd8
9. Bd3 d6 10. O-O g5 11. Re1 Bg7 12. b3 Nd7 13. Ba3 b5 14. Nc3 Bc6 15. d5 exd5
16. exd6 Qf7 17. g3 f5 18. Qd2 Bb7 19. Bb4 d4 20. Rad1 dxc3 21. Bxc3 Bxf3 22.
Rb1 Bxc3 23. Qxc3 Ndf6 24. Bxf5 cxd6 25. Re6 Bd5 26. Rxd6+ Ke7 27. Qc7+ Kf8 28.
Qc5 Kg7 29. Qb6 h5 30. Re1 Re8 31. Be6 Bxe6 32. Rdxe6 Rh6 33. Qc5 Rxe6 34. Rxe6
Qxe6 35. Qxg5+ Kh8 36. c4 bxc4 37. bxc4 Qxc4 38. a3 Qd4 39. h3 Ne4 40. Qh4 Qxf2+
41. Kh1 Nxg3+ 0-1

[Event "Challenge"]
[Site "http://www.queenalice.com/game.php?id=35575"]
[Date "2005.10.30"]
[Round "-"]
[White "BaronFel"]
[Black "tumble_weed"]
[Result "0-1"]
[WhiteElo "806"]
[BlackElo "1138"]

1. d4 e6 2. e4 f6 3. Nc3 a6 4. Nf3 b6 5. Nh4 Bb7 6. Bd3 d6 7. Nf3 d5 8. O-O Nc6
9. Bf4 h5 10. Nh4 Nge7 11. Qe2 g5 12. Bg3 gxh4 13. Bxh4 Ng6 14. Bg3 h4 15. Bxc7
Qxc7 16. Qg4 Qf7 17. exd5 Nce7 18. dxe6 Qg7 19. Rae1 Rh6 20. Be4 Bxe4 21. Nxe4
Nc6 22. Re3 Nxd4 23. c3 Nc6 24. Rd3 Nce5 25. Qf5 Nxd3 26. Rb1 Nge5 27. Nd2 Bc5
28. Ne4 Be7 29. b3 Rg6 30. g3 Nc5 31. Rd1 Nxe4 32. Qxe4 Rd8 33. Re1 Rg4 34. Qd5
Rxd5 0-1

[Event "Challenge"]
[Site "http://www.queenalice.com/game.php?id=36720"]
[Date "2005.11.7"]
[Round "-"]
[White "ajj_br"]
[Black "tumble_weed"]
[Result "0-1"]
[WhiteElo "803"]
[BlackElo "1259"]

1. Nf3 h6 2. d4 e6 3. e4 c6 4. Ne5 Qe7 5. Qh5 Nf6 6. Qh4 d6 7. Ng4 Nxe4 8. Qxe7+
Bxe7 9. Nd2 Nxd2 10. Bxd2 e5 11. d5 Bxg4 12. h3 Bd7 13. Bc4 c5 14. O-O b5 15.
Bd3 c4 16. Be2 Bc8 17. Ba5 O-O 18. b3 Ba6 19. Bg4 Bc8 20. bxc4 bxc4 21. Bh5 Nd7
22. Rfe1 Bb7 23. Bf3 Rac8 24. Rab1 Nc5 25. Rb4 Ba6 26. Be2 Ne4 27. Bg4 Rc5 28.
Bf3 Ng5 29. Ra4 Nxf3+ 30. gxf3 Rxd5 31. f4 Bb5 32. Rb4 a6 33. fxe5 dxe5 34. f4
Bxb4 35. Bxb4 Re8 36. f5 f6 37. Ra1 e4 38. a4 Bc6 39. h4 Rxf5 40. a5 e3 41. Bc3
e2 42. Be1 Rd8 43. Kh2 Rd1 44. Bc3 Rxa1 0-1

[Event "Challenge"]
[Site "http://www.queenalice.com/game.php?id=38164"]
[Date "2005.11.16"]
[Round "-"]
[White "tumble_weed"]
[Black "zecafernandes"]
[Result "1-0"]
[WhiteElo "1260"]
[BlackElo "1228"]

1. f4 d5 2. d4 Nc6 3. Nf3 e5 4. Nxe5 Bb4+ 5. Bd2 Qh4+ 6. g3 Qe7 7. Nxc6 bxc6 8.
a3 Bd6 9. Bg2 Bg4 10. Rf1 Nf6 11. Bf3 O-O 12. e3 Bh3 13. Rg1 Ne4 14. Bg2 Bf5 15.
Nc3 Nxc3 16. Bxc3 Qxe3+ 17. Kf1 Qe6 18. Kf2 Bg4 19. Qd2 Rfe8 20. Rge1 Qh6 21.
Kg1 Bh3 22. Rxe8+ Rxe8 23. Re1 Rb8 24. b4 Bg4 25. Bb2 Qh5 26. Bc1 Bf5 27. Qf2 h6
28. Qf1 Bxc2 29. h3 Qf5 30. g4 Qf6 31. Be3 Bg6 32. Qf2 Ra8 33. h4 h5 34. f5 Bh7
35. Bg5 Qxg5 36. hxg5 hxg4 37. Rf1 g3 38. Qf3 Re8 39. g6 fxg6 40. f6 Rf8 41. Qg4
gxf6 42. Qd7 c5 43. Bxd5+ Kh8 44. dxc5 Be5 45. Qb5 Bd4+ 46. Kg2 Be5 47. Qb7 g5
48. Qxa7 Rd8 49. Qb7 Bg8 50. Rh1+ Kg7 51. Bxg8 Kxg8 52. a4 Rd2+ 53. Kf3 f5 54.
Qc8+ Kg7 55. Qh8+ Kf7 56. Qxe5 Rd3+ 57. Ke2 Rb3 58. Qd5+ 1-0

[Event "Challenge"]
[Site "http://www.queenalice.com/game.php?id=38165"]
[Date "2005.11.16"]
[Round "-"]
[White "Pawngal"]
[Black "tumble_weed"]
[Result "1-0"]
[WhiteElo "1227"]
[BlackElo "1322"]

1. e4 d6 2. d4 Nf6 3. Nc3 c6 4. Nf3 e6 5. Bg5 Be7 6. Bd3 h6 7. Bxf6 Bxf6 8. Qd2
Nd7 9. O-O-O b5 10. a3 a5 11. e5 dxe5 12. dxe5 Nxe5 13. Nxe5 Bxe5 14. f4 Bd6 15.
Be4 1-0

[Event "Challenge"]
[Site "http://www.queenalice.com/game.php?id=38830"]
[Date "2005.11.20"]
[Round "-"]
[White "tumble_weed"]
[Black "Wifeykaz"]
[Result "1-0"]
[WhiteElo "1259"]
[BlackElo "1193"]

1. b3 c6 2. Bb2 d5 3. e3 Nf6 4. Bxf6 exf6 5. f4 g5 6. g3 Be7 7. h3 Bb4 8. g4 h5
9. Bg2 Nd7 10. Qe2 Nc5 11. a3 Ba5 12. b4 Bc7 13. f5 hxg4 14. hxg4 Ne4 15. Rxh8+
Kd7 16. Rxd8+ Bxd8 17. Bxe4 dxe4 18. Nc3 b5 19. Nxe4 a5 20. c3 Bb7 21. Qd1 axb4
22. axb4 Bc7 23. Rxa8 Bxa8 24. Nxf6+ Ke7 25. Ne4 Bh2 26. Nf3 c5 27. Nxh2 Bxe4
28. d3 Bg2 29. bxc5 Bh3 30. d4 b4 31. cxb4 f6 32. Qe2 Kf7 33. Kf2 1-0

[Event "Challenge"]
[Site "http://www.queenalice.com/game.php?id=39134"]
[Date "2005.11.22"]
[Round "-"]
[White "tumble_weed"]
[Black "barcino"]
[Result "0-1"]
[WhiteElo "1293"]
[BlackElo "1334"]

1. Nf3 e6 2. a3 b6 3. e4 g6 4. d4 d5 5. e5 f6 6. exf6 Qxf6 7. Be3 a6 8. Nc3 a5
9. Nb5 Qe7 10. Ne5 c6 11. Nc3 Qc7 12. Qe2 Nf6 13. Bf4 Nh5 14. Be3 c5 15. Na4 Nd7
16. Nxd7 Bxd7 17. Nc3 Rb8 18. a4 Bg7 19. Qd2 c4 20. Be2 b5 21. axb5 Bxb5 22.
Bxh5 gxh5 23. O-O Bc6 24. Bf4 e5 25. Rfe1 O-O 26. Rxe5 Rxb2 27. Nxd5 Bxd5 28.
Rxd5 Rxf4 29. Rdxa5 Rxd4 30. Qc1 Rd8 31. Rxh5 Rdb8 32. h3 R2b5 0-1

[Event "Challenge"]
[Site "http://www.queenalice.com/game.php?id=39194"]
[Date "2005.11.23"]
[Round "-"]
[White "chaves"]
[Black "tumble_weed"]
[Result "0-1"]
[WhiteElo "1356"]
[BlackElo "1291"]

1. e4 e5 2. f3 c5 3. d3 Nc6 4. g3 b5 5. c3 d6 6. b3 h6 7. h4 Qb6 8. a3 a5 9. g4
g6 10. Nh3 Be7 11. Nd2 Bxh4+ 12. Nf2 Bxf2+ 13. Kxf2 Be6 14. Kg3 Kd7 15. d4 exd4
16. cxd4 Nxd4 17. Kh3 Ne7 18. Rg1 h5 19. Bd3 hxg4+ 20. Kg2 f5 21. exf5 gxf5 22.
fxg4 fxg4 23. Rh1 Ndf5 24. Bxf5 Nxf5 25. Ne4 Qc6 26. Qxd6+ Nxd6 27. Rd1 Qxe4+
28. Kg3 Qf3# 0-1

[Event "Challenge"]
[Site "http://www.queenalice.com/game.php?id=39512"]
[Date "2005.11.24"]
[Round "-"]
[White "maurogood"]
[Black "tumble_weed"]
[Result "0-1"]
[WhiteElo "1065"]
[BlackElo "1408"]

1. e4 e5 2. Nf3 d6 3. Bc4 Nf6 4. c3 Qd7 5. Ng5 d5 6. exd5 Nxd5 7. Qf3 c6 8. Nxf7
Qxf7 9. Qxf7+ Kxf7 10. O-O Bd6 11. d3 Be6 12. Nd2 Nd7 13. Ne4 Be7 14. Ng5+ Bxg5
15. Bxg5 h6 16. Bd2 N7b6 17. Bb3 Rhe8 18. c4 Nf6 19. Rfe1 Nbd7 20. Ba4 a6 21.
Re3 b5 22. cxb5 axb5 23. Bb3 Bxb3 24. Ree1 Bd5 25. a3 Nh5 26. g4 Nf4 27. Rac1
Nxd3 28. Re3 Nxc1 29. Bxc1 Kg8 30. f4 exf4 31. Rxe8+ Rxe8 32. Bxf4 Re4 33. Bg3
Rxg4 34. b4 Nb6 35. Kf2 Rc4 36. Be5 Nd7 37. Bg3 Rc3 38. Bc7 Rxa3 39. h4 Bf7 40.
Bf4 Nf6 41. Bc1 Ra1 42. Bb2 Ra2 43. Kf3 Rxb2 44. h5 Rxb4 45. Ke3 Nxh5 46. Kd3
Bd5 47. Ke3 Rc4 48. Ke2 b4 49. Kd1 b3 50. Kd2 b2 51. Ke3 b1=Q 52. Ke2 Qb3 53.
Kd2 Rc2+ 54. Kd1 Qb1# 0-1

[Event "Challenge"]
[Site "http://www.queenalice.com/game.php?id=43151"]
[Date "2005.12.12"]
[Round "-"]
[White "tumble_weed"]
[Black "voodoozebra"]
[Result "1-0"]
[WhiteElo "1385"]
[BlackElo "1396"]

1. b3 d5 2. e3 e5 3. Bb2 Nc6 4. Bb5 Bd7 5. Bxc6 Bxc6 6. Bxe5 Be7 7. Bxg7 Bf6 8.
Bxh8 Bxh8 9. c3 f5 10. Ne2 h5 11. O-O Ne7 12. d4 Qd6 13. a4 h4 14. h3 O-O-O 15.
b4 Be8 16. Nf4 Bf7 17. Nd2 Rg8 18. Qe2 Ng6 19. Nxg6 Qxg6 20. f4 Qg3 21. Rf3 Qg6
22. Nf1 Qc6 23. Qc2 a6 24. Qb3 Bh5 25. Rf2 Qe6 26. Rc1 Qe4 27. c4 Bf3 28. Qc2
Bxg2 29. Rxg2 1-0

[Event "Challenge"]
[Site "http://www.queenalice.com/game.php?id=47535"]
[Date "2006.1.11"]
[Round "-"]
[White "ari"]
[Black "tumble_weed"]
[Result "0-1"]
[WhiteElo "1239"]
[BlackElo "1443"]

1. e4 e5 2. Nf3 d6 3. d4 Qe7 4. d5 c6 5. Nc3 h6 6. Be2 Nf6 7. O-O g6 8. h3 Bg7
9. a4 Nh7 10. Be3 Qc7 11. Qd2 Nf6 12. Rfd1 c5 13. Bb5+ Nbd7 14. Bxd7+ Bxd7 15.
Nb5 Bxb5 16. axb5 Nxe4 17. Qa5 b6 18. Qa4 Nf6 19. Qc4 O-O 0-1

[Event "Challenge"]
[Site "http://www.queenalice.com/game.php?id=49412"]
[Date "2006.1.26"]
[Round "-"]
[White "EightAces"]
[Black "tumble_weed"]
[Result "0-1"]
[WhiteElo "1306"]
[BlackElo "1430"]

1. e4 e5 2. Nf3 d6 3. Bc4 h6 4. d4 exd4 5. Nxd4 Nf6 6. Nc3 a6 7. h3 Bd7 8. Bf4
c6 9. Nf5 Bxf5 10. exf5 a5 11. Qd2 Qd7 12. O-O d5 13. Rfe1+ Be7 14. Bxb8 Rxb8
15. Rxe7+ Qxe7 16. Re1 Ne4 17. Nxe4 dxe4 18. Qf4 O-O 19. Rxe4 Qf6 20. c3 Rfe8
21. Rxe8+ Rxe8 22. Qc7 b5 23. Bd3 Re7 24. Qxa5 Re1+ 0-1